[Event "Parnu Keres rapid op 5th"]
[Site "Parnu"]
[Date "2024.07.28"]
[Round "4"]
[White "Shnurov, Daniil"]
[Black "Seo, Jung Min"]
[Result "0-1"]
[WhiteElo "2005"]
[BlackElo "2469"]
[PlyCount "126"]
[EventDate "2024.07.28"]
[EventType "swiss (rapid)"]
[EventRounds "7"]
[EventCountry "EST"]
[SourceTitle "CBM 221 Extra"]
[Source "ChessBase"]
[SourceDate "2024.09.30"]
[SourceVersion "1"]
[SourceVersionDate "2024.09.30"]
[SourceQuality "1"]

1. d4 e6 2. c4 b6 3. a3 Bb7 4. Nc3 Nf6 5. d5 Bd6 6. g3 Be5 7. Bg2 Bxc3+ 8. bxc3 Na6 9. e4 d6 10. Bg5 Nc5 11. Ne2 h6 12. Bxf6 Qxf6 13. 0-0 0-0 14. Nd4 Rae8 15. Re1 Ba6 16. Bf1 Bc8 17. Bg2 Bd7 18. Rb1 a6 19. Qd2 e5 20. Nc2 Qg6 21. Rb2 f5 22. exf5 Bxf5 23. Ne3 Be4 24. Rf1 Bf3 25. h3 Re7 26. Kh2 Ref7 27. Qc2 Qh5 28. Rg1 Bxg2 29. Rxg2 Qf3 30. Qg6 Rf6 31. Qc2 Ne4 32. Kg1 R6f7 33. h4 Kh8 34. Nf1 Nxc3 35. Rb3 Ne2+ 36. Kh2 Nd4 37. Rxf3 Nxc2 38. Rxf7 Rxf7 39. a4 Rf3 40. Nd2 Ra3 41. Ne4 Rxa4 42. f4 Ne3 43. Re2 Nxc4 44. fxe5 Nxe5 45. Nf2 Rd4 46. Rc2 Rc4 47. Re2 a5 48. Nh3 a4 49. Nf4 b5 50. Kh3 a3 51. Ra2 b4 52. Ne2 Kg8 53. Kg2 Nd7 54. Kf2 Nb6 55. Ke3 Nxd5+ 56. Kd3 Rg4 57. Kd2 c5 58. Kd3 Kf7 59. Ra1 Ke7 60. Ra2 Kd7 61. Ra1 Kc6 62. Rf1 b3 63. Rf8 Ra4 0-1

[Event "Parnu Keres op-A 5th"]
[Site "Parnu"]
[Date "2024.07.24"]
[Round "5"]
[White "Vardanyan, Aras"]
[Black "Shnurov, Daniil"]
[Result "1/2-1/2"]
[WhiteElo "2300"]
[BlackElo "2005"]
[PlyCount "91"]
[EventDate "2024.07.22"]
[EventType "swiss"]
[EventRounds "9"]
[EventCountry "EST"]
[SourceTitle "CBM 221 Extra"]
[Source "ChessBase"]
[SourceDate "2024.09.30"]
[SourceVersion "1"]
[SourceVersionDate "2024.09.30"]
[SourceQuality "1"]

1. Nf3 g6 2. e4 Bg7 3. d4 d6 4. Bc4 Nf6 5. Qe2 0-0 6. h3 a6 7. a4 Nc6 8. 0-0 e5 9. dxe5 dxe5 10. c3 h6 11. b4 Nh5 12. Be3 Qf6 13. Nbd2 Nd8 14. Rfd1 Be6 15. Kh2 Re8 16. Nb3 Nf4 17. Qf1 Nxh3 18. Bxe6 Qxe6 19. Nc5 Qg4 20. Rd7 Bf8 21. Rxc7 Bd6 22. gxh3 Qxf3 23. Rd7 Bxc5 24. bxc5 Qxe4 25. Bxh6 Qc6 26. Qd3 Ne6 27. Rd6 Qxc5 28. Be3 Qc7 29. Bb6 Qe7 30. Rd7 Nc5 31. Rxe7 Nxd3 32. Rd7 Nb2 33. a5 Nc4 34. Rb1 Nxb6 35. axb6 Rab8 36. Rc7 Rec8 37. Kg3 Kg7 38. Kf3 Kf6 39. Ke4 Ke6 40. Kd3 Rd8+ 41. Kc4 Rbc8 42. Kc5 Rd5+ 43. Kc4 Rdd8 44. Kc5 Rd5+ 45. Kc4 Rdd8 46. Kc5 1/2-1/2